01348nam0a22002173i 4500001002000000003000900020005001700029008004100046020002900087040002300116082003300139100003700172245006700209260002900276300002200305490003900327520063500366655006201001700003301063830003401096IT\ICCU\PBE\0084281IT-MiSPE20240628095239.0240628b |||||||| |||| 00| 0 eng d a9788831547451c16.00 EUR aIT-MiSPEcIT-MiSPE a226.2-Mt* PIC ga (ppv 23337) aPiccolo, Gaetano.d1973-eautore aLeggersi dentro.bCon il Vangelo di Matteo /cGaetano Piccolo. aMilano :bPaoline,c2016 a216 p. ;c20,5 cm aSpiritualità del quotidianov137 aNon è facile leggersi dentro: spesso abbiamo paura di quello che possiamo incontrare. Eppure da sempre l’uomo è stato incuriosito dalla possibilità di viaggiare nel suo profondo. Riconoscere quello che ci abita interiormente è del resto il primo passo per crescere nella libertà, altrimenti rischiamo di essere navi in balia di venti che non riusciamo a gestire. Riflettendosi nella parola di Dio, il cuore umano può riconoscersi, senza il timore del giudizio, ma nella gioia della verità; il cristiano intraprende allora questo viaggio nella ri-conoscenza di sé, una conoscenza che è sempre anche gratitudine. aSacra Scrittura. Meditazioni sul Nuovo TestamentoxMatteo 1aPiccolo, Gaetanod1973eaut. aSpiritualità del quotidiano